000 00461nam a2200157 4500
020 _a9789388992466
082 _aM 398.357 8
_bSAT/K
100 _aSathyan Kallurutty
245 _aKeralathile natanpattukalim nattuvaitharikalum/
_cby Sathyan Kallurutty
260 _aKottayam:
_bSahithya Pravarthaka Co-operative Society,
_c2025.
300 _a320p.
650 _aFolk Songs Kerala
650 _aFolk Literature
650 _aSocial Sciences
942 _cBK
999 _c182051
_d182051